000 00402nam a2200169Ia 4500
008 230524s9999 xx 000 0 und d
020 _a8129707306
082 _a621.3821
_bWIT
100 _aRobert A.Witte
245 0 _aElectronic Test Instruments
250 _a2ND
260 _aNEW DELHI
_bPearson
_c2004
300 _a371
500 _aQuantity Number: 2
650 _aElectronics
942 _cBK
999 _c9976
_d9976